| 000 | 01706cam a2200397 i 4500 | ||
|---|---|---|---|
| 001 | 23415524 | ||
| 003 | EG-ScBUE | ||
| 005 | 20240613093041.0 | ||
| 008 | 231207t2019 stka f b 001 0 eng d | ||
| 020 | _a9780702062360 | ||
| 040 |
_aDLC _beng _erda _cDLC _dEG-ScBUE |
||
| 082 | 0 | 4 |
_222 _a612.76 _bINT |
| 130 | 0 | _aHuman movement. | |
| 245 | 0 | 3 |
_aAn introduction to human movement and biomechanics / _cedited by Andy Kerr, PhD, MSC, MCSP, Lecturer, Biomedical Engineering, University of Strathclyde, Glasgow, UK and Philip Rowe, PhD, Professor of Rehabilitation Science, Biomedical Engineering, University of Strathclyde, Glasgow, UK. |
| 250 | _aSeventh edition. | ||
| 264 | 1 |
_aEdinburgh ; _aNew York : _bElsevier, _c[2019] |
|
| 264 | 4 | _cc2019 | |
| 300 |
_axvi, 352 pages : _billustrations (some color) ; _c24 cm. |
||
| 336 |
_atext _btxt _2rdacontent |
||
| 337 |
_aunmediated _bn _2rdamedia |
||
| 338 |
_avolume _bnc _2rdacarrier |
||
| 490 | 0 | _aPhysiotherapy essentials | |
| 500 | _aPreceded by: Preceded by Human movement / edited by Tony Everett and Clare Kell. 6th ed. 2010. | ||
| 500 | _a"First edition 1981. Second edition 1987. Third edition 1997. Fourth edition 2001. Fifth edition 2005. Sixth edition 2011"-- title page verso. | ||
| 500 | _aIncludes Appendices. | ||
| 504 | _aIncludes bibliographical references and index. | ||
| 650 | 7 |
_aHuman mechanics. _2BUEsh |
|
| 650 | 7 |
_aHuman locomotion. _2BUEsh |
|
| 653 |
_cJune2024 _bPT |
||
| 655 | _vReading book | ||
| 700 | 1 |
_aKerr, Andrew, _cPh. D., _eeditor. |
|
| 700 | 1 |
_aRowe, Philip J., _eeditor. |
|
| 906 |
_a7 _bcbc _corignew _d2 _encip _f20 _gy-gencatlg |
||
| 942 |
_2ddc _cBB |
||
| 999 |
_c30777 _d30748 |
||